000 00980nam a2200241 i 4500
001 15818
003 ES-MaACL
005 20230906151147.0
007 t|
008 000508s1983 sp ||||1| spa d
020 _a84-600-3515-8
080 _a811.111(063)
080 _a821.111.09(063)
080 _a821.111(73).09(063)
110 2 _aAsociación Española de Estudios Anglo-Norteamericanos.
_bConferencia Internacional (
_n6ª.
_d1983.
_cSitges)
_91655
245 1 0 _aLiterary and linguistic aspects of humour
_b: VIth AEDEAN Conference : proceedings.
260 _aBarcelona :
_bUniversidad de Barcelona, Departamento de Lengua y Literatura Inglesa,
_cD.L. 1984.
300 _a311 p. ;
_c21 cm.
650 1 4 _aFilología inglesa-
_vCongresos y asambleas.
_912799
650 4 _aLiteratura norteamericana-
_vCongresos y asambleas.
_914642
710 2 _aUniversidad de Barcelona.
_bDepartamento de Lengua y Literatura Inglesa.
_97144
852 _aES-MaACL
_jL-22950
_bR.123752
999 _c15818
_d15818